000 00617nam a2200241Ia 4500
003 OSt
005 20220918174957.0
006 a|||||r|||| 00| 0
007 ta
008 220917b |||||||| |||| 00| 0 eng d
024 _a14,960
037 _cTextual
040 _aARTS
_cARTS
_beng
041 _2eng
_aeng
082 _aND44,C9(Q), L8 Q4
100 _aBurgees Jas
_951268
245 0 _aGandhara sculptures
260 _aDelhi
_bBharatiya pub house
_c1978
300 _a38p.
_ccm.
650 _aARTS
942 _hND44,C9(Q), L8 Q4
_cTEXL
_2CC
999 _c155420
_d155420